| 000 | 00469nam a22001937a 4500 | ||
|---|---|---|---|
| 003 | LK-CoDNM | ||
| 005 | 20250129103543.0 | ||
| 008 | 250129b |||||||| |||| 00| 0 eng d | ||
| 040 |
_aLK-CoDNM _dLK-CoDNM _eLK-CoDNM |
||
| 041 | _aeng | ||
| 080 |
_a13 _bO1 |
||
| 100 | _aHobhouse, L. T. | ||
| 245 | _aMind in Evolution | ||
| 260 |
_aLondon _bMacmillan and Co., Limited _c1915 |
||
| 300 | _ax, 469p : 22 cm | ||
| 650 | _aMind | ||
| 650 | _aEvolution | ||
| 942 | _cBK | ||
| 999 |
_c237571 _d237571 |
||